Qualitative research : (Record no. 20785)
[ view plain ]
| 000 -LEADER | |
|---|---|
| fixed length control field | 01557cam a22003135a 4500 |
| 001 - CONTROL NUMBER | |
| control field | 15548801 |
| 005 - DATE AND TIME OF LATEST TRANSACTION | |
| control field | 20201128023550.0 |
| 008 - FIXED-LENGTH DATA ELEMENTS--GENERAL INFORMATION | |
| fixed length control field | 081208t2009 caua frb 001 0 eng d |
| 020 ## - INTERNATIONAL STANDARD BOOK NUMBER | |
| International Standard Book Number | 0470283548 |
| 020 ## - INTERNATIONAL STANDARD BOOK NUMBER | |
| International Standard Book Number | 9780470283547 |
| 040 ## - CATALOGING SOURCE | |
| Original cataloging agency | DLC |
| Transcribing agency | DLC |
| Modifying agency | EG-ScBUE |
| Language of cataloging | eng |
| 082 04 - DEWEY DECIMAL CLASSIFICATION NUMBER | |
| Classification number | 370.72 |
| Edition number | 22 |
| Item number | MER |
| 100 1# - MAIN ENTRY--PERSONAL NAME | |
| Personal name | Merriam, Sharan B. |
| 9 (RLIN) | 38750 |
| 245 10 - TITLE STATEMENT | |
| Title | Qualitative research : |
| Remainder of title | a guide to design and implementation / |
| Statement of responsibility, etc | Sharan B. Merriam. |
| 260 ## - PUBLICATION, DISTRIBUTION, ETC. (IMPRINT) | |
| Place of publication, distribution, etc | San Francisco : |
| Name of publisher, distributor, etc | Jossey-Bass / A Wiley Imprint, |
| Date of publication, distribution, etc | c.2009. |
| 300 ## - PHYSICAL DESCRIPTION | |
| Extent | xvi, 304 p. : |
| Other physical details | ill. ; |
| Dimensions | 23 cm. |
| 490 0# - SERIES STATEMENT | |
| Series statement | The Jossey-Bass higher and adult education series |
| 500 ## - GENERAL NOTE | |
| General note | Revised and expanded from Qualitative research and case study applications in education. |
| 500 ## - GENERAL NOTE | |
| General note | Includes indexes. |
| 504 ## - BIBLIOGRAPHY, ETC. NOTE | |
| Bibliography, etc | Bibliography : p. 271-286. |
| 505 0# - FORMATTED CONTENTS NOTE | |
| Formatted contents note | What is qualitative research? -- Types of qualitative research -- Qualitative case study research -- Designing your study and selecting a sample -- Conducting effective interviews -- Being a careful observer -- Mining data from documents -- Qualitative data analysis -- Dealing with validity, reliability, and ethics -- Writing qualitative research reports -- Appendix: the methodology section of a qualitative research study. |
| 650 #0 - SUBJECT ADDED ENTRY--TOPICAL TERM | |
| Topical term or geographic name as entry element | Education |
| General subdivision | Research |
| Form subdivision | Case studies. |
| Source of heading or term | BUEsh |
| 650 #7 - SUBJECT ADDED ENTRY--TOPICAL TERM | |
| Topical term or geographic name as entry element | Case method. |
| Source of heading or term | BUEsh |
| 9 (RLIN) | 34827 |
| 650 #7 - SUBJECT ADDED ENTRY--TOPICAL TERM | |
| Topical term or geographic name as entry element | Qualitative research. |
| Source of heading or term | BUEsh |
| 9 (RLIN) | 12337 |
| 651 ## - SUBJECT ADDED ENTRY--GEOGRAPHIC NAME | |
| Source of heading or term | BUEsh |
| 653 ## - INDEX TERM--UNCONTROLLED | |
| Resource For college | |
| Arrived date list | August2015 |
| -- | November2015 |
| 650 #7 - SUBJECT ADDED ENTRY--TOPICAL TERM | |
| 9 (RLIN) | 1051 |
| Topical term or geographic name as entry element | Education |
| General subdivision | Research |
| -- | Methodology |
| Source of heading or term | BUEsh |
| 942 ## - ADDED ENTRY ELEMENTS (KOHA) | |
| Source of classification or shelving scheme | Dewey Decimal Classification |
| Call number prefix | 370.72 MER |
| Withdrawn status | Lost status | Source of classification or shelving scheme | Damaged status | Not for loan | Koha collection | Home library | Current library | Shelving location | Date acquired | Source of acquisition | Cost, normal purchase price | Serial Enumeration / chronology | Total Checkouts | Total Renewals | Full call number | Barcode | Checked out | Date last seen | Date last borrowed | Cost, replacement price | Koha item type |
|---|---|---|---|---|---|---|---|---|---|---|---|---|---|---|---|---|---|---|---|---|---|
| Dewey Decimal Classification | Baccah | Central Library | Central Library | First floor | 31/08/2015 | 340.00 | 23317 | 3 | 1 | 370.72 MER | 000030852 | 18/09/2022 | 28/07/2022 | 28/07/2022 | 425.00 | Book - Borrowing |